Statistics for Pleistocene Quiz

Click here to take the quiz!

General Stats

  • This quiz has been taken 10 times
  • The average score is 9 of 22

Answer Stats

HintAnswer% Correct
Intelligent, (ancestrally) dark-skinned, hairless primate that first evolved in AfricaHumans
100%
Close relatives of humans who inhabited Eurasia; had broader faces and a more robust build for coping with colder temperaturesNeanderthals
80%
Among the oldest known human remains; discovered in southern EthiopiaOmo remains
80%
Hairy relative of Asian elephants with curled tusks; among the last of the Pleistocene megafaunaWoolly mammoth
80%
Very large North/South American birds of prey, who survived the Quaternary extinction only by feeding off of deceased marine animalsCondors
60%
Land bridge that connected Alaska and RussiaBeringia
50%
Group of big cats with enlarged upper canines; includes famous examples like Smilodon and HomotheriumMachairodonts, or saber-toothed cats
50%
Large African mammals that somehow rafted to Madagascar and "shrank''Malagasy hippopotamus
50%
Expanse of grassland that covered nearly all of northern Eurasia; named for its most famous woolly inhabitantMammoth Steppe
50%
Faunal interchange that coincided with the beginning of the Pleistocene; South American fauna migrated into North America, and vice versaGreat American Interchange
40%
Tallest land mammal ever; lived alongside Asian elephants in India, China, etc.; today's African forest elephant is related to itAsian straight-tusked elephant
30%
Unique, mid-ranged dart-propelling weapon; first used during the late PleistoceneAtlatl
30%
Large ice sheets that fluctuated heavily during the PleistoceneGlaciers
30%
Cave in France; contains over 600 paintings which depict various Pleistocene fauna such as mammoths, aurochs and lionsLascaux
30%
Huge glacier that smothered much of upper North AmericaLaurentide Ice Sheet
30%
Rapid cooling event that occurred around 12,900 years ago; named after an alpine-tundra wildflowerYounger Dryas
30%
Catastrophic supervolcano eruption which occurred in Sumatra, Indonesia during the late PleistoceneToba eruption
20%
Currently-dormant supervolcano which erupted multiple times during the PleistoceneYellowstone Caldera
20%
Second subdivision of the PleistoceneCalabrian
10%
Inlet of the North Atlantic that covered some of Eastern CanadaChamplain Sea
10%
Last "official'' subdivision of the PleistoceneChibanian
10%
First subdivision of the PleistoceneGelasian
10%

Score Distribution

Percentile by Number Answered

Percent of People with Each Score

Your Score History

You have not taken this quiz